T03 Introduction to Information & Communication Technology (Record no. 4277)

MARC details
005 - DATE AND TIME OF LATEST TRANSACTION
control field 20250618101436.0
020 ## - INTERNATIONAL STANDARD BOOK NUMBER
International Standard Book Number 9789976780826
082 ## - DEWEY DECIMAL CLASSIFICATION NUMBER
Classification number 004NBA
111 ## - MAIN ENTRY--MEETING NAME
Meeting name or jurisdiction name as entry element THE NATIONAL BOARD OF ACCOUNTANTSAND AUDITORS TANZANIA (NBAA)
245 ## - TITLE STATEMENT
Title T03 Introduction to Information & Communication Technology
260 ## - PUBLICATION, DISTRIBUTION, ETC.
Place of publication, distribution, etc. Dar es salaam,
Name of publisher, distributor, etc. NBAA,
Date of publication, distribution, etc. 2014.
300 ## - PHYSICAL DESCRIPTION
Extent 310p,;ill,table,figure,
Other physical details Index,
Dimensions 29cm.
942 ## - ADDED ENTRY ELEMENTS (KOHA)
Source of classification or shelving scheme Dewey Decimal Classification
Koha item type Books

No items available.